Hanson v Sweb Property Developments Ltd (sued as South West Electricity Board) (Record no. 70364)

MARC details
000 -LEADER
fixed length control field 00897cam a2200157 4500
008 - FIXED-LENGTH DATA ELEMENTS--GENERAL INFORMATION
fixed length control field 020527n2002 000 0 eng u
035 ## - SYSTEM CONTROL NUMBER
System control number (Sirsi) u118156
245 ## - TITLE STATEMENT
Title Hanson v Sweb Property Developments Ltd (sued as South West Electricity Board)
260 ## - PUBLICATION, DISTRIBUTION, ETC.
Date of publication, distribution, etc. 2002
490 ## - SERIES STATEMENT
Series statement Property, Planning and Compensation Reports
Volume/sequential designation [2002] 1 P&CR 459-470(11)
520 ## - SUMMARY, ETC.
Summary, etc. CA 27 July 2001. Purchase of property subject to vendor carrying out certain works. National Schedule of Sale applied. Notice of completion. Validity of notice. Whether outstanding obligations debarred vendor from issuing valid notice. Whether sufficient performance by purchaser. Whether purchaser entitled to complete by tender of lesser sum. (Taken from headnote)
650 ## - SUBJECT ADDED ENTRY--TOPICAL TERM
Topical term or geographic name entry element NATIONAL CONDITIONS OF SALE
650 ## - SUBJECT ADDED ENTRY--TOPICAL TERM
Topical term or geographic name entry element HANSON V SWEB PROPERTY DEVELOPMENTS
690 ## - LOCAL SUBJECT ADDED ENTRY--TOPICAL TERM (OCLC, RLIN)
Topical term or geographic name as entry element PROPERTY AND LAND LAW-CASE LAW
942 ## - ADDED ENTRY ELEMENTS (KOHA)
Suppress in OPAC 0
Holdings
Withdrawn status Lost status Source of classification or shelving scheme Damaged status Not for loan Home library Current library Shelving location Date acquired Total Checkouts Full call number Barcode Date last seen Copy number Price effective from Koha item type
    Dewey Decimal Classification     London London Journal article 27/05/2002   X118156 118156-1001 06/08/2019 1 06/08/2019 Law report
    Dewey Decimal Classification     London London Journal article 27/05/2002   X118156 118156-1002 06/08/2019 2 06/08/2019 Law report